000 01007nam a2200205Ia 4500
003 OSt
005 20241029084923.0
007 ca aa aaaaa
008 201103s9999 xx 000 0 und d
040 _cSSBUL
041 _abur
082 _223
_a၂၉၄.၃၄၃၅၀၉ လော
_b၉၃၀၆ S-SAT
245 0 0 _aလောကထွဋ်တင်စေတီတော် /
_cစုစည်းပူဇော်သူ အရှင်ကောဝိဒါလင်္ကာရ(သူငယ်တော်တောရ)။
260 _aမန္တလေး ၊
_bစောကိုပုံနှိပ်တိုက်၊
_c၂၀၀၉။
300 _aဇ၊ ၁၁၉ စာမျက်နှာ ၊
_bဓါတ်ပုံများ ၊
_c၂၆ စင်တီ။
500 _aS-SAT: Dr. Sai Aung Tun
650 _aစေတီပုထိုး
_vသမိုင်း
_955057
650 _aလောကထွဋ်တင်စေတီ
_vသမိုင်း
_955095
942 _2ddc
_cBK1
999 _c16811
_d16811